000 00214 a2200085 4500
020 _a9788126538591
100 _aVinod Hosur
245 _aEarthquake-Resistant Design of Building Structures
260 _bWiley India
_c2012
999 _c13357
_d13357